[Event "10th Asia-ch (women)"]
[Site "Kozhikode IND"]
[Date "2003.08.18"]
[Round "2.14"]
[White "Mohota, Swathi"]
[Black "Thipsay, Bagyashree Sathe"]
[Result "0-1"]
[WhiteElo "2104"]
[BlackElo "2225"]
[EventDate "2003.08.17"]
[PlyCount "81"]

1.d4 e6 2.c4 f5 3.g3 Nf6 4.Bg2 Bb4+ 5.Nd2 d5 6.Qc2 c6 7.Nf3 O-O 8.O-O Qe8 
9.a3 Bd6 10.e3 Nbd7 11.b4 Qh5 12.Bb2 Ne4 13.Qd1 Qh6 14.Qe2 g5 15.c5 Bc7 
16.Ne1 e5 17.Nb3 Nef6 18.dxe5 Nxe5 19.Nf3 Nxf3+ 20.Qxf3 f4 21.exf4 Bg4 22.
fxg5 Qxg5 23.Qc3 Rf7 24.Rae1 Raf8 25.Re3 h5 26.h4 Qh6 27.Nd4 Nd7 28.Ne6 
Bxe6 29.Rxe6 Rf6 30.Re7 R6f7 31.Rfe1 Bd8 32.Rxf7 Kxf7 33.Bh3 Nf6 34.Be6+ 
Kg7 35.Bc1 Qg6 36.Bh3 Kh7 37.Re6 Ne4 38.Qe5 Rf6 39.Rxf6 Bxf6 40.Qf5 Kg7 
41.Qd7+ 0-1

[Event "10th Asia-ch (women)"]
[Site "Kozhikode IND"]
[Date "2003.08.18"]
[Round "2.15"]
[White "Karavade, Eesha"]
[Black "Shen Yang"]
[Result "0-1"]
[WhiteElo "2218"]
[BlackElo "2113"]
[EventDate "2003.08.17"]
[PlyCount "110"]

1.e4 e5 2.Nf3 Nc6 3.Bb5 a6 4.Ba4 Nf6 5.O-O Be7 6.Re1 b5 7.Bb3 d6 8.c3 O-O 
9.h3 Nb8 10.d4 Nbd7 11.Nbd2 Bb7 12.Bc2 Re8 13.Nf1 Bf8 14.Ng3 c5 15.d5 c4 
16.Be3 Qc7 17.Qd2 Reb8 18.Nh4 a5 19.f4 b4 20.Nf3 bxc3 21.bxc3 Nc5 22.fxe5 
dxe5 23.Bg5 Ne8 24.Nf5 Bc8 25.Rab1 f6 26.Be3 Nd6 27.Nxd6 Bxd6 28.Red1 Ba6 
29.Bxc5 Qxc5+ 30.Kh1 Qa3 31.Rxb8+ Rxb8 32.Rb1 Rb2 33.Rxb2 Qxb2 34.Bd1 Qb1 
35.Qc2 Qxc2 36.Bxc2 Ba3 37.Ng1 Kf7 38.Ba4 Ke7 39.Ne2 Kd6 40.Bc6 Bc8 41.Kg1
f5 42.Kf2 g6 43.Kf3 h5 44.Ng3 h4 45.Nf1 fxe4+ 46.Kxe4 Bf5+ 47.Kf3 Bb1 48.
Nd2 Bxa2 49.Ne4+ Kc7 50.Nd2 Kb6 51.Ke4 Bb2 52.Nf3 Bxc3 53.Nxe5 Bb1+ 54.Kf4
g5+ 55.Kxg5 Bxe5 0-1

[Event "10th Asia-ch (women)"]
[Site "Kozhikode IND"]
[Date "2003.08.18"]
[Round "2.16"]
[White "Priya, P."]
[Black "Tania, Sachdev"]
[Result "0-1"]
[WhiteElo "2091"]
[BlackElo "2206"]
[EventDate "2003.08.17"]
[PlyCount "136"]

1.e4 c5 2.c3 Nf6 3.e5 Nd5 4.d4 cxd4 5.Nf3 Nc6 6.cxd4 d6 7.Bc4 Nb6 8.Bb5 
Bd7 9.O-O Nxe5 10.Nxe5 dxe5 11.Bxd7+ Nxd7 12.dxe5 Nxe5 13.Qb3 Qb6 14.Qa4+ 
Nc6 15.Nc3 e6 16.Be3 Bc5 17.Bxc5 Qxc5 18.Ne4 Qe7 19.Qb5 O-O 20.Rfd1 Rfd8 
21.h3 h6 22.a3 Rd4 23.Rxd4 Nxd4 24.Qb4 Qxb4 25.axb4 Nc2 26.Ra4 b5 27.Ra5 
a6 28.Nc3 Nd4 29.Ra1 Kf8 30.f3 Ke7 31.Kf2 h5 32.h4 Ra7 33.Ra2 Nc6 34.Ra1 
Nxb4 35.Nxb5 Rd7 36.Na3 Rd2+ 37.Kg3 Rxb2 38.Nc4 Rc2 39.Nb6 Rc6 40.Na4 a5 
41.Nb2 Rc2 42.Nd1 Ra2 43.Rc1 Nd5 44.Rb1 a4 45.Rb7+ Kf6 46.Nf2 a3 47.Ne4+ 
Kg6 48.Ra7 Ne3 49.Nc3 Ra1 50.Nb5 Nc2 51.Ra4 Rb1 52.Nc3 Rb3 53.Na2 e5 54.
Ra6+ f6 55.Ra4 Nd4 56.Nc1 Rc3 57.Na2 Re3 58.Nb4 Rb3 59.Na2 Ne2+ 60.Kf2 Rb2
61.Rxa3 Nc3+ 62.Kg3 Nxa2 63.Ra4 Nc3 64.Rc4 Ne2+ 65.Kf2 Nf4+ 66.Kf1 Nxg2 
67.Re4 Nf4 68.Kg1 Ne2+ 0-1

[Event "10th Asia-ch (women)"]
[Site "Kozhikode IND"]
[Date "2003.08.18"]
[Round "2.17"]
[White "Chandra Hawsa, Koneru"]
[Black "Sangeetha, M. R."]
[Result "1-0"]
[WhiteElo "2193"]
[BlackElo "2100"]
[EventDate "2003.08.17"]
[PlyCount "103"]

1.d4 Nf6 2.Bg5 e6 3.Nd2 c5 4.e3 cxd4 5.exd4 Be7 6.c3 h6 7.Bh4 d6 8.Ngf3 
Nbd7 9.Bd3 O-O 10.O-O b6 11.a4 Bb7 12.a5 Nd5 13.Bg3 N7f6 14.Qa4 Nh5 15.a6 
Bc8 16.Be4 Nhf6 17.Bd3 Rb8 18.c4 Nc7 19.b4 b5 20.cxb5 Bd7 21.Qc2 Bxb5 22.
Bxb5 Rxb5 23.Nc4 Ncd5 24.Na5 Nxb4 25.Qa4 Rb6 26.Nc4 Rb8 27.Rfb1 Nfd5 28.
Rb3 Qc7 29.Nfd2 Nc6 30.Rab1 Rxb3 31.Rxb3 Nxd4 32.Rb7 Ne2+ 33.Kf1 Nxg3+ 34.
hxg3 Qc5 35.Nb3 Qc8 36.Rxa7 Rd8 37.Nba5 Bf8 38.Rb7 Nc3 39.Qb3 Ne4 40.a7 
Nc5 41.Qb5 Qa8 42.Qa6 Rd7 43.Nb6 Qxb7 44.a8=Q Qxa6+ 45.Qxa6 Rc7 46.Qa8 d5 
47.Qd8 Ra7 48.Nd7 Rxd7 49.Qxd7 g6 50.f4 Kg7 51.g4 Kf6 52.f5 1-0

[Event "10th Asia-ch (women)"]
[Site "Kozhikode IND"]
[Date "2003.08.18"]
[Round "2.19"]
[White "Saimeera Ravi"]
[Black "Kavitha, J. E."]
[Result "0-1"]
[WhiteElo "2172"]
[BlackElo "2066"]
[EventDate "2003.08.17"]
[PlyCount "72"]

1.e4 c5 2.Nf3 e6 3.d4 cxd4 4.Nxd4 Nc6 5.Nc3 a6 6.Be3 Qc7 7.Qd2 Nf6 8.O-O-O
Ng4 9.Bf4 e5 10.Nd5 Qd8 11.h3 Nf6 12.Nxc6 bxc6 13.Nxf6+ Qxf6 14.Bg5 Qg6 
15.f4 f6 16.Bh4 Qxe4 17.Re1 Qa4 18.Bg3 Qxa2 19.Qc3 a5 20.b3 Bb4 21.Rxe5+ 
fxe5 22.Qxe5+ Be7 23.Bh4 Qa3+ 24.Kb1 Qd6 25.Qxg7 Rf8 26.Qxh7 Bxh4 27.Qxh4 
Rxf4 28.Qh8+ Rf8 29.Qh5+ Kd8 30.Bc4 a4 31.Rd1 Qe7 32.Qh6 Qf6 33.Qe3 Kc7 
34.b4 a3 35.c3 Ba6 36.Qg3+ Qf4 0-1

[Event "10th Asia-ch (women)"]
[Site "Kozhikode IND"]
[Date "2003.08.19"]
[Round "3.1"]
[White "Gu Xiaobing"]
[Black "Li Ruofan"]
[Result "1-0"]
[WhiteElo "2346"]
[BlackElo "2433"]
[EventDate "2003.08.17"]
[PlyCount "77"]

1.e4 e5 2.Nf3 Nc6 3.c3 Nf6 4.d4 exd4 5.e5 Nd5 6.Bc4 Nb6 7.Bb3 d5 8.cxd4 
Be7 9.O-O O-O 10.Nc3 Bg4 11.Bc2 Bxf3 12.gxf3 f5 13.f4 Qd7 14.Be3 Nd8 15.
Kh1 Ne6 16.Qh5 Qe8 17.Qh3 Qf7 18.Rg1 c6 19.Ne2 g6 20.Rg2 Nd7 21.Rag1 Ng7 
22.Qh6 Rfe8 23.Ng3 Nf8 24.Qh3 Kh8 25.Nxf5 Nxf5 26.Bxf5 gxf5 27.Qxf5 Qe6 
28.Qxe6 Nxe6 29.f5 Bb4 30.fxe6 Rxe6 31.f4 Ree8 32.f5 Rg8 33.Bg5 h5 34.Bf6+
Kh7 35.Rg7+ Rxg7 36.Rxg7+ Kh6 37.Rxb7 Be1 38.h4 Rg8 39.Bg5+ 1-0

[Event "10th Asia-ch (women)"]
[Site "Kozhikode IND"]
[Date "2003.08.19"]
[Round "3.2"]
[White "Harika, Dronavalli"]
[Black "Tian Tian"]
[Result "1-0"]
[WhiteElo "2351"]
[BlackElo "2300"]
[EventDate "2003.08.17"]
[PlyCount "63"]

1.Nf3 d5 2.d4 Nf6 3.c4 c6 4.Nc3 dxc4 5.a4 Bf5 6.Nh4 Bc8 7.e3 e5 8.Bxc4 
exd4 9.exd4 Bd6 10.h3 O-O 11.O-O Bc7 12.Nf3 Bf5 13.Ne5 Bxe5 14.dxe5 Nfd7 
15.Re1 Nb6 16.Bxf7+ Kxf7 17.e6+ Bxe6 18.Qh5+ Kg8 19.Rxe6 Qd7 20.Qe2 Na6 
21.Re7 Qf5 22.Re5 Qg6 23.a5 Nd7 24.Re7 Rad8 25.Ra4 Rf7 26.Rg4 Qf6 27.Re6 
Nac5 28.Rxf6 Nxf6 29.Rg3 Nb3 30.Bg5 Kf8 31.Bxf6 Rxf6 32.Rf3 1-0

[Event "10th Asia-ch (women)"]
[Site "Kozhikode IND"]
[Date "2003.08.19"]
[Round "3.3"]
[White "Humpy, Koneru"]
[Black "Sergeeva, Maria"]
[Result "1-0"]
[WhiteElo "2468"]
[BlackElo "2356"]
[EventDate "2003.08.17"]
[PlyCount "231"]

1.d4 Nf6 2.c4 g6 3.g3 Bg7 4.Bg2 O-O 5.Nf3 d6 6.O-O Nbd7 7.Qc2 c6 8.e4 e5 
9.Rd1 Re8 10.Nc3 Qe7 11.b3 exd4 12.Nxd4 Nc5 13.f3 a5 14.Bf4 Nh5 15.Be3 f5 
16.Bf2 fxe4 17.fxe4 Nf6 18.h3 Nfxe4 19.Re1 Bf5 20.g4 Nxf2 21.Nxf5 Qf6 22.
Nxg7 Kxg7 23.Rxe8 Rxe8 24.Rf1 Ncd3 25.Nd1 Nxh3+ 26.Bxh3 Qd4+ 27.Kh1 Nf4 
28.Qf2 Qxf2 29.Nxf2 Re2 30.g5 Nxh3 31.Nxh3 Rxa2 32.Rf6 h6 33.Rxd6 hxg5 34.
Rd7+ Kf6 35.Rxb7 g4 36.Nf4 Kg5 37.Ng2 g3 38.Re7 Rb2 39.Re3 Rb1+ 40.Ne1 Kf4
41.Re6 Rxb3 42.Kg2 Re3 43.Rf6+ Ke5 44.Rf8 Kd6 45.Nf3 Kc5 46.Rf4 a4 47.Kxg3
a3 48.Rf8 Kxc4 49.Ra8 Kb3 50.Kf2 Rd3 51.Ke2 Rd5 52.Nd2+ Kb4 53.Nb1 Re5+ 
54.Kd3 Rg5 55.Rb8+ Kc5 56.Ra8 Rg3+ 57.Kc2 Rg2+ 58.Nd2 g5 59.Rxa3 g4 60.Rd3
Kb5 61.Kc3 c5 62.Nc4 g3 63.Rd6 Rg1 64.Na3+ Ka5 65.Nc4+ Kb5 66.Na3+ Ka5 67.
Kb3 c4+ 68.Nxc4+ Kb5 69.Rd5+ Kc6 70.Rg5 Kd7 71.Ne5+ Ke6 72.Nf3 Kf6 73.Rg8 
Kf7 74.Rg4 Rg2 75.Kc3 Kf6 76.Kd3 Kf5 77.Rg8 Ra2 78.Nd4+ Ke5 79.Nc2 Kf4 80.
Rf8+ Kg5 81.Ne3 Rb2 82.Ke4 Ra2 83.Rg8+ Kf6 84.Nd5+ Ke6 85.Rg6+ Kd7 86.Rxg3
Re2+ 87.Ne3 Ke6 88.Rg6+ Kf7 89.Rb6 Ra2 90.Nc4 Re2+ 91.Kd5 Kg7 92.Ne5 Re1 
93.Ke6 Rf1 94.Ke7 Re1 95.Rg6+ Kh7 96.Rg5 Kh6 97.Rf5 Kg7 98.Ke6 Re2 99.Rf1 
Rg2 100.Rf5 Re2 101.Rg5+ Kh6 102.Rg3 Kh5 103.Kf5 Kh4 104.Rf3 Rh2 105.Ng6+ 
Kh5 106.Nf4+ Kh6 107.Kf6 Rh1 108.Rg3 Rh2 109.Rg4 Rh1 110.Rg2 Kh7 111.Kf7 
Kh6 112.Rg6+ Kh7 113.Rg7+ Kh6 114.Rg4 Kh7 115.Nd5 Rf1+ 116.Nf6+ 1-0

[Event "10th Asia-ch (women)"]
[Site "Kozhikode IND"]
[Date "2003.08.19"]
[Round "3.4"]
[White "Wang Pin"]
[Black "Ramaswamy, Aarthie"]
[Result "0-1"]
[WhiteElo "2465"]
[BlackElo "2316"]
[EventDate "2003.08.17"]
[PlyCount "59"]

1.e4 c5 2.Nf3 Nc6 3.d4 cxd4 4.Nxd4 Nf6 5.Nc3 d6 6.Bg5 Qb6 7.Nb3 e6 8.Qd2 
Be7 9.O-O-O O-O 10.Kb1 a6 11.f3 Rd8 12.Be3 Qc7 13.Qf2 Nd7 14.g4 b5 15.h4 
Nce5 16.g5 b4 17.Ne2 Nc4 18.Bc1 a5 19.Ned4 Ba6 20.h5 a4 21.Na1 Rdb8 22.Rg1
Nc5 23.g6 Na3+ 24.bxa3 bxa3+ 25.Ndb3 Bf6 26.Rd4 axb3 27.Nxb3 Nxb3 28.cxb3 
Qc3 29.Be3 Bxf1 30.Rd1 0-1

[Event "10th Asia-ch (women)"]
[Site "Kozhikode IND"]
[Date "2003.08.19"]
[Round "3.6"]
[White "Wang Yu"]
[Black "Shahnaz, Safira"]
[Result "1-0"]
[WhiteElo "2357"]
[BlackElo "2120"]
[EventDate "2003.08.17"]
[PlyCount "106"]

1.e4 c5 2.Nc3 Nc6 3.Bb5 Nd4 4.Bc4 e6 5.Nf3 Ne7 6.Nxd4 cxd4 7.Ne2 Nc6 8.O-O
Bc5 9.d3 a6 10.a3 O-O 11.Ng3 Qh4 12.f4 b5 13.Ba2 Bb7 14.Bd2 Rac8 15.Be1 
Qd8 16.f5 Be7 17.Nh5 Bg5 18.f6 g6 19.Bd2 Bxd2 20.Qxd2 Kh8 21.Qh6 Rg8 22.
Ng7 Ne5 23.Rf4 g5 24.Qxg5 Ng6 25.Rf2 Qc7 26.Raf1 Qe5 27.Qh6 Rc5 28.Bb3 Qg5
29.Qh3 Ne5 30.Rf4 h6 31.Rh4 Kh7 32.Rh5 Qg6 33.Rf4 Rxg7 34.fxg7 Nf3+ 35.
Qxf3 Qxh5 36.Rxf7 Qxf3 37.gxf3 Rg5+ 38.Kf2 Rxg7 39.Rxg7+ Kxg7 40.f4 Kf6 
41.c3 dxc3 42.bxc3 a5 43.Ke3 e5 44.fxe5+ Kxe5 45.d4+ Kf6 46.Kf4 d6 47.Bd1 
Bc6 48.Bg4 Be8 49.Bc8 Bc6 50.e5+ Ke7 51.Ke3 Kd8 52.Bf5 Kc7 53.e6 Kb6 1-0

[Event "10th Asia-ch (women)"]
[Site "Kozhikode IND"]
[Date "2003.08.19"]
[Round "3.7"]
[White "Huang Qian"]
[Black "Xu Yuanyuan"]
[Result "0-1"]
[WhiteElo "2313"]
[BlackElo "2347"]
[EventDate "2003.08.17"]
[PlyCount "58"]

1.d4 d5 2.c4 c6 3.Nf3 Nf6 4.e3 Bg4 5.Nbd2 e6 6.Be2 Nbd7 7.O-O Bd6 8.h3 Bh5
9.b3 O-O 10.Bb2 Ne4 11.Nxe4 dxe4 12.Nd2 Bxe2 13.Qxe2 f5 14.f3 exf3 15.Rxf3
e5 16.Raf1 Qg5 17.e4 Bb4 18.dxe5 Bxd2 19.exf5 Nc5 20.e6 Rae8 21.h4 Qh6 22.
Rg3 Re7 23.Qe5 Nd7 24.Qc7 Be3+ 25.Kh1 Rxf5 26.Rd1 Qxh4+ 27.Rh3 Nf8 28.Qd6 
Qg5 29.Rg3 Qxg3 0-1

[Event "10th Asia-ch (women)"]
[Site "Kozhikode IND"]
[Date "2003.08.19"]
[Round "3.8"]
[White "Mohota, Nisha"]
[Black "Ruan Lufei"]
[Result "0-1"]
[WhiteElo "2321"]
[BlackElo "2307"]
[EventDate "2003.08.17"]
[PlyCount "102"]

1.d4 d5 2.c4 c6 3.Nf3 Nf6 4.Nc3 dxc4 5.a4 Bf5 6.Ne5 Nbd7 7.Nxc4 Nb6 8.Ne5 
a5 9.f3 Nfd7 10.Nxd7 Nxd7 11.e4 Bg6 12.Be3 e6 13.Be2 Qb6 14.Qc1 Bb4 15.O-O
O-O 16.Kh1 h6 17.Bg1 Rad8 18.Qc2 Qc7 19.Rac1 Nf6 20.Qb3 Qb8 21.Bf2 Rd7 22.
Rfd1 Rfd8 23.Na2 Be7 24.Qb6 e5 25.Bg3 Bd6 26.dxe5 Bxe5 27.Bxe5 Qxe5 28.
Qxd8+ Rxd8 29.Rxd8+ Kh7 30.Nc3 Nh5 31.Rcd1 Nf4 32.Bf1 Ne6 33.R8d7 Nc5 34.
Rd8 Ne6 35.R8d7 Nc5 36.R7d6 h5 37.Bc4 h4 38.h3 Qg3 39.Ne2 Qf2 40.R6d4 Nxa4
41.R1d2 b5 42.Ba2 c5 43.Rd5 c4 44.Ng1 Qe1 45.Rc2 Qa1 46.Bxc4 bxc4 47.Rxa5 
Qd1 48.Rxc4 Nxb2 49.Rc8 Nd3 50.Raa8 Nf2+ 51.Kh2 Qd6+ 0-1

[Event "10th Asia-ch (women)"]
[Site "Kozhikode IND"]
[Date "2003.08.19"]
[Round "3.9"]
[White "Thipsay, Bagyashree Sathe"]
[Black "Zhao Xue"]
[Result "0-1"]
[WhiteElo "2225"]
[BlackElo "2467"]
[EventDate "2003.08.17"]
[PlyCount "66"]

1.e4 c5 2.Nf3 d6 3.d4 cxd4 4.Nxd4 Nf6 5.Nc3 a6 6.Be2 e5 7.Nb3 Be7 8.O-O 
O-O 9.Kh1 b6 10.f3 Bb7 11.a4 Nc6 12.Bg5 Rc8 13.Qd2 Nb4 14.Rfd1 h6 15.Be3 
d5 16.exd5 Nfxd5 17.Nxd5 Nxd5 18.Bg1 Bg5 19.Qd3 Qf6 20.Qe4 Nf4 21.Qxb7 
Nxe2 22.Qxb6 Rc6 23.Qa7 Nxg1 24.Qxg1 Rxc2 25.Nc5 Qg6 26.b4 Be3 27.Qf1 Rf2 
28.Qg1 Rxf3 29.gxf3 Bxg1 30.Rxg1 Qc6 31.Ne4 f5 32.b5 axb5 33.axb5 Qb7 0-1

[Event "10th Asia-ch (women)"]
[Site "Kozhikode IND"]
[Date "2003.08.19"]
[Round "3.10"]
[White "Tania, Sachdev"]
[Black "Hoang Thanh Trang"]
[Result "0-1"]
[WhiteElo "2206"]
[BlackElo "2458"]
[EventDate "2003.08.17"]
[PlyCount "78"]

1.e4 e6 2.d4 d5 3.Nd2 Nf6 4.e5 Nfd7 5.Bd3 c5 6.c3 Nc6 7.Ne2 cxd4 8.cxd4 f6
9.exf6 Nxf6 10.O-O Bd6 11.Nf3 O-O 12.Nc3 Bd7 13.Be3 Be8 14.Ng5 Qd7 15.f4 
h6 16.Nh3 Bh5 17.Be2 Bxe2 18.Qxe2 Rae8 19.Nf2 Qf7 20.Nd3 Qg6 21.Ne5 Bxe5 
22.fxe5 Ng4 23.h3 Nxe3 24.Qxe3 Qc2 25.Rfc1 Qxb2 26.Rcb1 Qc2 27.Rxb7 Re7 
28.Rxe7 Nxe7 29.Rc1 Qg6 30.Nb5 Nf5 31.Qd3 Qg5 32.Rf1 Rc8 33.Qf3 Rc2 34.Rf2
Rc1+ 35.Kh2 Ng3 36.Qg4 Nf1+ 37.Rxf1 Qxg4 38.hxg4 Rxf1 39.Nxa7 Ra1 0-1

[Event "10th Asia-ch (women)"]
[Site "Kozhikode IND"]
[Date "2003.08.19"]
[Round "3.11"]
[White "Le Kieu Thien Kim"]
[Black "Chandra Hawsa, Koneru"]
[Result "1-0"]
[WhiteElo "2316"]
[BlackElo "2193"]
[EventDate "2003.08.17"]
[PlyCount "89"]

1.d4 d5 2.Nf3 Nf6 3.c4 e6 4.Nc3 Nbd7 5.Bg5 c6 6.cxd5 exd5 7.e3 Be7 8.Bd3 
Ne4 9.Bxe7 Qxe7 10.Bxe4 dxe4 11.Nd2 Nf6 12.Qc2 Bf5 13.O-O O-O 14.Rab1 Rac8
15.b4 Rfd8 16.Rfc1 Nd5 17.Qa4 a6 18.Nxd5 Rxd5 19.Rc5 Rcd8 20.Rbc1 Bg4 21.
Qc2 f5 22.a4 Kf8 23.h3 Be2 24.Nxe4 Qxe4 25.Qxe2 Rxd4 26.Qh5 R4d5 27.R1c4 
Qb1+ 28.Rc1 Qxb4 29.R5c4 Qa3 30.Qxh7 Kf7 31.Qh5+ Kg8 32.Qg5 Rf8 33.g3 Rfd8
34.Kg2 Qb2 35.Qe7 R5d6 36.R1c2 Qb3 37.R2c3 Qb2 38.h4 Qb1 39.Rc1 Qb2 40.h5 
Rd2 41.Qe6+ Kh8 42.Rf1 Qa2 43.h6 Qb2 44.hxg7+ Qxg7 45.Rh4+ 1-0

[Event "10th Asia-ch (women)"]
[Site "Kozhikode IND"]
[Date "2003.08.19"]
[Round "3.12"]
[White "Swathi, Ghate"]
[Black "Prathiba, Yuvarajan"]
[Result "1/2-1/2"]
[WhiteElo "2299"]
[BlackElo "2185"]
[EventDate "2003.08.17"]
[PlyCount "99"]

1.e4 e6 2.d4 d5 3.Nc3 Bb4 4.e5 c5 5.a3 Bxc3+ 6.bxc3 Qc7 7.Qg4 f5 8.Qg3 
cxd4 9.cxd4 Ne7 10.Bd2 O-O 11.Bd3 b6 12.Ne2 Ba6 13.Nf4 Qd7 14.Bxa6 Nxa6 
15.Qd3 Nb8 16.O-O Rc8 17.a4 Rc4 18.a5 b5 19.c3 a6 20.Qg3 Rc8 21.Nh5 Ng6 
22.Bh6 Ra7 23.Nxg7 Rac7 24.Nh5 Qf7 25.h4 Rxc3 26.Qg5 Nd7 27.Nf6+ Kh8 28.
Nxd7 Qxd7 29.Qf6+ Kg8 30.h5 Nf8 31.Qg5+ Kh8 32.Rfc1 R3c4 33.Qf6+ Kg8 34.
Rxc4 dxc4 35.Ra3 Qf7 36.Rg3+ Ng6 37.Qxf7+ Kxf7 38.hxg6+ hxg6 39.Bd2 g5 40.
Bb4 g4 41.Rc3 Ke8 42.f3 gxf3 43.Rxf3 Kd7 44.Rg3 Kc6 45.Kf2 Kd5 46.Bc5 Rb8 
47.Ke2 b4 48.Bb6 Rc8 49.Bc5 Rb8 50.Bb6 1/2-1/2

[Event "10th Asia-ch (women)"]
[Site "Kozhikode IND"]
[Date "2003.08.19"]
[Round "3.13"]
[White "Shen Yang"]
[Black "Gokhale, Anupama"]
[Result "1/2-1/2"]
[WhiteElo "2113"]
[BlackElo "2253"]
[EventDate "2003.08.17"]
[PlyCount "99"]

1.e4 g6 2.d4 Bg7 3.Nc3 c6 4.Bc4 d6 5.Nf3 Nf6 6.Bb3 O-O 7.O-O d5 8.Re1 Na6 
9.exd5 cxd5 10.Bg5 Be6 11.h3 Nc7 12.Ne2 Ne4 13.Be3 f6 14.Ng3 Kh8 15.Qc1 
Nxg3 16.fxg3 g5 17.g4 h6 18.c3 f5 19.gxf5 Bxf5 20.Bc2 Qd6 21.Ne5 Bxe5 22.
dxe5 Qg6 23.Bd1 Be4 24.Qd2 Ne6 25.Bb3 Rad8 26.Rf1 Nf4 27.Rf2 e6 28.Re2 Nd3
29.Bc2 b6 30.Bxd3 Bxd3 31.Rf2 Kg8 32.Rd1 Rxf2 33.Bxf2 Be4 34.Rf1 Rf8 35.
Bd4 Rf4 36.g3 Rxf1+ 37.Kxf1 Qf5+ 38.Qf2 Qxh3+ 39.Ke2 Qg4+ 40.Kd2 Bf3 41.a4
h5 42.a5 bxa5 43.Bxa7 Qe4 44.Bb6 a4 45.Qe3 Kf7 46.Bd8 g4 47.Qxe4 Bxe4 48.
Ke3 Kg6 49.Kf4 Bd3 50.Be7 1/2-1/2

[Event "10th Asia-ch (women)"]
[Site "Kozhikode IND"]
[Date "2003.08.19"]
[Round "3.14"]
[White "Kavitha, J. E."]
[Black "Nguyen Thi Thanh An"]
[Result "1/2-1/2"]
[WhiteElo "2066"]
[BlackElo "2335"]
[EventDate "2003.08.17"]
[PlyCount "54"]

1.e4 c5 2.Nf3 Nc6 3.d4 cxd4 4.Nxd4 g6 5.c4 Bg7 6.Be3 Nf6 7.Nc3 O-O 8.Be2 
d6 9.O-O a6 10.f3 Nxd4 11.Bxd4 Be6 12.Nd5 Bxd5 13.exd5 Nd7 14.Bxg7 Kxg7 
15.Qd4+ Kg8 16.Kh1 Qb6 17.Qd2 Rac8 18.b3 Nf6 19.g4 Qc5 20.g5 Nd7 21.f4 b5 
22.b4 Qb6 23.cxb5 axb5 24.Qd3 Rc4 25.Qh3 Rc7 26.Bg4 Qb7 27.Rad1 f5 1/2-1/2

[Event "10th Asia-ch (women)"]
[Site "Kozhikode IND"]
[Date "2003.08.19"]
[Round "3.15"]
[White "Malinicheva, Lidia"]
[Black "Zhang Jilin"]
[Result "0-1"]
[WhiteElo "2126"]
[BlackElo "2300"]
[EventDate "2003.08.17"]
[PlyCount "84"]

1.e4 c5 2.Nf3 d6 3.d4 cxd4 4.Nxd4 Nf6 5.Nc3 a6 6.Bc4 e6 7.Bb3 Nbd7 8.O-O 
Nc5 9.Re1 Be7 10.Bc4 Ncxe4 11.Nxe4 Nxe4 12.Bxe6 fxe6 13.Rxe4 e5 14.Nb3 Be6
15.c3 O-O 16.Re3 Qe8 17.Nd4 Bc4 18.Nf3 Qf7 19.Qe1 Bd5 20.b3 Qg6 21.Qe2 Rf7
22.Ne1 Raf8 23.Rg3 Qf5 24.Be3 Bh4 25.Rd1 Bxg3 26.hxg3 Qe6 27.Qd2 Bc6 28.
Qxd6 Qf5 29.Qb4 Rd7 30.Qc4+ Kh8 31.Rxd7 Qxd7 32.Qe2 Qf5 33.f3 Re8 34.f4 
Qd7 35.Nd3 exf4 36.gxf4 Bb5 37.c4 Rd8 38.Ne5 Qd1+ 39.Kf2 Be8 40.Bb6 Rd2 
41.Be3 Rd8 42.Qb2 Ra8 0-1

[Event "10th Asia-ch (women)"]
[Site "Kozhikode IND"]
[Date "2003.08.19"]
[Round "3.16"]
[White "Mohota, Swathi"]
[Black "Karavade, Eesha"]
[Result "0-1"]
[WhiteElo "2104"]
[BlackElo "2218"]
[EventDate "2003.08.17"]
[PlyCount "61"]

1.d4 d5 2.c4 c6 3.Nf3 Nf6 4.Nc3 dxc4 5.a4 Bf5 6.Ne5 e6 7.f3 Bb4 8.e4 Bxe4 
9.fxe4 Nxe4 10.Bd2 Qxd4 11.Nxe4 Qxe4+ 12.Qe2 Bxd2+ 13.Kxd2 Qd5+ 14.Kc3 O-O
15.Nxc4 b5 16.Ne5 a5 17.Qe3 Na6 18.Kc2 Nb4+ 19.Kc1 Rfd8 20.Be2 f6 21.Nf3 
Qf5 22.Ne1 Rd5 23.Rf1 Rc5+ 24.Kd2 Qd5+ 25.Nd3 Rd8 26.Rac1 Rxc1 27.Rxc1 Qb3
28.axb5 cxb5 29.Rc7 Qxb2+ 30.Kd1 Qb3+ 31.Kd2 0-1

[Event "10th Asia-ch (women)"]
[Site "Kozhikode IND"]
[Date "2003.08.19"]
[Round "3.17"]
[White "Sangeetha, M. R."]
[Black "Saimeera Ravi"]
[Result "0-1"]
[WhiteElo "2100"]
[BlackElo "2172"]
[EventDate "2003.08.17"]
[PlyCount "72"]

1.Nf3 Nf6 2.g3 g6 3.Bg2 Bg7 4.O-O O-O 5.d3 d5 6.Nbd2 c5 7.c3 Nc6 8.Qc2 e5 
9.e4 Re8 10.Rd1 b6 11.Nf1 Bb7 12.Bg5 d4 13.Qd2 Qd6 14.c4 Nh5 15.Nh4 Qf8 
16.Qe2 Nd8 17.a3 Ne6 18.Bd2 Qe7 19.Nf3 f6 20.b4 Qf7 21.Rab1 Rab8 22.Nh4 f5
23.exf5 gxf5 24.Bh3 f4 25.Bg4 Ng5 26.f3 Nf6 27.Bf5 Qh5 28.Kf2 Nxf3 29.Nxf3
Qxf5 30.Nh4 fxg3+ 31.Ke1 Qh3 32.Nxg3 Qxh4 33.bxc5 bxc5 34.Ba5 e4 35.Kf1 
exd3 36.Qxd3 Qh3+ 0-1

[Event "10th Asia-ch (women)"]
[Site "Kozhikode IND"]
[Date "2003.08.19"]
[Round "3.18"]
[White "Parveen, Seyda Shabana"]
[Black "Priya, P."]
[Result "0-1"]
[WhiteElo "2140"]
[BlackElo "2091"]
[EventDate "2003.08.17"]
[PlyCount "82"]

1.d4 Nf6 2.g3 e6 3.Bg2 d5 4.Nf3 Be7 5.O-O O-O 6.c4 dxc4 7.Ne5 Nc6 8.Nxc6 
bxc6 9.Na3 Bxa3 10.bxa3 Nd5 11.Qa4 Qd6 12.Qxc4 Re8 13.Bb2 Rb8 14.Qc2 Ba6 
15.Rfc1 Rb6 16.e4 Ne7 17.Qc3 Reb8 18.Rc2 f6 19.h4 f5 20.d5 e5 21.f4 fxe4 
22.Bxe4 cxd5 23.fxe5 Qe6 24.Bg2 Rc6 25.Qd2 Rxc2 26.Qxc2 Qb6+ 27.Kh2 Qxb2 
28.Qxc7 Qb7 29.Qd6 Bc4 30.Rc1 Nf5 31.Qc5 Qd7 32.Rc2 Re8 33.Rxc4 dxc4 34.
Bd5+ Kh8 35.g4 Nh6 36.e6 Qe7 37.Qxc4 Qxh4+ 38.Kg2 Qxg4+ 39.Qxg4 Nxg4 40.
Kf3 Nf6 41.Bb3 Kg8 0-1

[Event "10th Asia-ch (women)"]
[Site "Kozhikode IND"]
[Date "2003.08.20"]
[Round "4.1"]
[White "Gu Xiaobing"]
[Black "Harika, Dronavalli"]
[Result "1/2-1/2"]
[WhiteElo "2346"]
[BlackElo "2351"]
[EventDate "2003.08.17"]
[PlyCount "89"]

1.e4 c5 2.Nc3 Nc6 3.Bb5 g6 4.Bxc6 dxc6 5.d3 e5 6.Be3 Nf6 7.h3 Qe7 8.Qd2 
Be6 9.Nge2 Nd7 10.O-O Bg7 11.Bh6 f6 12.Bxg7 Qxg7 13.f4 O-O 14.f5 gxf5 15.
exf5 Bd5 16.Nxd5 cxd5 17.d4 cxd4 18.c3 dxc3 19.Qxd5+ Qf7 20.Nxc3 Qxd5 21.
Nxd5 Kf7 22.Rac1 Rac8 23.Nc7 a6 24.Rf3 Kg8 25.Rb3 b5 26.Rbc3 b4 27.Rc6 a5 
28.Ne6 Rxc6 29.Rxc6 Ra8 30.g4 a4 31.h4 a3 32.b3 Nf8 33.Rb6 Nxe6 34.fxe6 
Kf8 35.Rxb4 Ke7 36.Kf2 Rc8 37.Rb7+ Kxe6 38.Rxh7 Rc2+ 39.Kg3 Rxa2 40.Ra7 
Ra1 41.Kg2 Ra2+ 42.Kg3 Ra1 43.Kg2 Ra2+ 44.Kf3 Ra1 45.Kg2 1/2-1/2

[Event "10th Asia-ch (women)"]
[Site "Kozhikode IND"]
[Date "2003.08.20"]
[Round "4.2"]
[White "Ruan Lufei"]
[Black "Humpy, Koneru"]
[Result "0-1"]
[WhiteElo "2307"]
[BlackElo "2468"]
[EventDate "2003.08.17"]
[PlyCount "154"]

1.e4 c5 2.Nf3 a6 3.c4 e6 4.Nc3 Qc7 5.d4 cxd4 6.Nxd4 Nf6 7.a3 Be7 8.Be3 d6 
9.Rc1 Nbd7 10.Be2 b6 11.b4 Bb7 12.f3 Rc8 13.Qd2 Qb8 14.O-O O-O 15.Kh1 Rfe8
16.Rc2 Bf8 17.Bg1 Rc7 18.Rfc1 Ba8 19.Na4 g6 20.Nb3 Qb7 21.Qd1 Rb8 22.c5 
bxc5 23.Qf1 Qc8 24.Bxa6 Qd8 25.Rc3 Bh6 26.R1c2 Nh5 27.Bf2 Bg7 28.Bd4 Qh4 
29.Kg1 Ne5 30.Bf2 Qg5 31.bxc5 d5 32.Be3 Qe7 33.exd5 Bxd5 34.Nd4 Qh4 35.Nb6
Nf4 36.Bf2 Qg5 37.h4 Qe7 38.a4 Nc6 39.Nxc6 Bxc6 40.Rc4 e5 41.Bb5 Bf8 42.
R4c3 Ne6 43.Bxc6 Rxc6 44.Rc1 Qc7 45.Qb5 Nd4 46.Qd3 Rxc5 47.Rxc5 Bxc5 48.
Nd5 Ne2+ 49.Qxe2 Bxf2+ 50.Kxf2 Qxc1 51.Qxe5 Qb2+ 52.Qxb2 Rxb2+ 53.Kg3 Ra2 
54.Nb6 Rb2 55.Nd5 Rd2 56.Nb6 Kf8 57.Kh3 Ke7 58.g4 Ke6 59.Kg3 Rb2 60.Nc4 
Rb4 61.Nd2 Rxa4 62.Ne4 Ke7 63.g5 Ra1 64.Kg4 Rg1+ 65.Kf4 Rh1 66.Kg3 Ke6 67.
Nf2 Rg1+ 68.Kh2 Ra1 69.Ng4 Kf5 70.Nh6+ Kf4 71.Nxf7 Ra7 72.Nh6 Kxf3 73.Kh3 
Ra1 74.Kh2 Ra2+ 75.Kh3 Kf4 76.Ng8 Ra1 77.Nf6 Rh1+ 0-1

[Event "10th Asia-ch (women)"]
[Site "Kozhikode IND"]
[Date "2003.08.20"]
[Round "4.3"]
[White "Xu Yuanyuan"]
[Black "Wang Yu"]
[Result "1-0"]
[WhiteElo "2347"]
[BlackElo "2357"]
[EventDate "2003.08.17"]
[PlyCount "131"]

1.d4 d5 2.Nf3 Nf6 3.g3 Bf5 4.Bg2 e6 5.c4 c6 6.O-O Bd6 7.Qb3 Qb6 8.c5 Qxb3 
9.axb3 Bxb1 10.Rxb1 Bc7 11.b4 Nbd7 12.Bf4 Bxf4 13.gxf4 Ke7 14.Ra1 Ne8 15.
Kh1 a6 16.Rg1 Nc7 17.Bf1 g6 18.e3 Rae8 19.h4 f6 20.Bh3 Kf7 21.Rg2 Rb8 22.
Ne1 Ne8 23.Nd3 Ng7 24.Rag1 Ra8 25.Ra1 Rhg8 26.Bg4 h5 27.Bh3 Nf5 28.Bxf5 
exf5 29.Nc1 Nf8 30.Nb3 Ne6 31.Na5 Nd8 32.Kg1 Rc8 33.Kf1 Rc7 34.Ke2 Ke8 35.
Kd3 Ne6 36.Rh1 Kd8 37.Nb3 Rcg7 38.Nc1 Re8 39.Ne2 Nf8 40.Rhg1 Kd7 41.Nc3 
Rge7 42.Re1 Kc7 43.Re2 Rd7 44.Rg1 Rde7 45.f3 Rd7 46.Nb1 Rde7 47.Nd2 Rd7 
48.Nf1 Rde7 49.Ng3 Rd7 50.Nh1 Rde7 51.Nf2 Rd7 52.Nh3 Rde7 53.Rge1 Rd7 54.
e4 dxe4+ 55.fxe4 Red8 56.exf5 Rxd4+ 57.Kc2 gxf5 58.Re7+ R8d7 59.Rxd7+ Kxd7
60.Kc3 Rd5 61.Rg1 Ke8 62.Nf2 Kf7 63.Nd1 Rd7 64.Ne3 Ke6 65.Nc4 Kd5 66.Re1 
1-0

[Event "10th Asia-ch (women)"]
[Site "Kozhikode IND"]
[Date "2003.08.20"]
[Round "4.5"]
[White "Hoang Thanh Trang"]
[Black "Le Kieu Thien Kim"]
[Result "1/2-1/2"]
[WhiteElo "2458"]
[BlackElo "2316"]
[EventDate "2003.08.17"]
[PlyCount "53"]

1.d4 d5 2.c4 c6 3.Nf3 Nf6 4.Nc3 e6 5.e3 Nbd7 6.Qc2 Bd6 7.b3 O-O 8.Be2 dxc4
9.bxc4 e5 10.O-O Qe7 11.Rd1 e4 12.Ng5 Re8 13.c5 Bb8 14.Bc4 Bxh2+ 15.Kh1 
Nd5 16.Ncxe4 Bb8 17.Bxd5 cxd5 18.Nd6 Qxg5 19.Nxe8 Qh5+ 20.Kg1 Qh2+ 21.Kf1 
Nf8 22.f4 Bg4 23.Rd2 Qh1+ 24.Kf2 Qh4+ 25.Kf1 Qh1+ 26.Kf2 Qh4+ 27.Kf1 
1/2-1/2